000 00609nam a22001817a 4500
003 UA-OsUOA
001 6860
007 ta
008 20040520b un ||||| |||| 00| 0 ukr d
100 _aНаєнко М.
942 _cSA
040 _aUA-OsUOA
_cUA-OsUOA
_dUA-OsUOA
245 _aЛітературознавчі методології як проблема
300 _aС.44-46
955 _a0
773 0 _w0
_tДивослово (українська мова й література в навчальних закладах)
_dКиїв
_d2004
_g№5
650 7 _aЛітературознавство
_2UDC
999 _c293021
_d293021